Tučňáci! 1, 2, 3

Bibliographic Details
Other Authors: Smith, Ron (Director)
Format: Video DVD
Language:English
Slovak
Czech
Hungarian
PhysicalDescription:1 videodisk (DVD) (88 min.) zvuk DD 2.0, fareb., PAL 16:9 12 cm
Published: [Bratislava Intersonic 2010
Series:Svět pohádek
Subjects:

MARC

LEADER 00000ngm a2200000 a 4500
001 vtls010174784
003 SK-MaSNL
005 20260302020254.0
007 vd cvaizs
008 251029s2010 xo 088 c vaeng
040 |a SNK  |b slo  |c SNK  |e AACR2 
041 1 |a eng  |a slo  |a cze  |a hun  |h eng 
044 |a xo  |c SK 
072 7 |a 791  |x Film. Cirkus. Ľudová zábava  |2 konspekt 
080 |a 791.228  |2 2001 
080 |a (0.034.44)  |2 2001 
130 0 |a Penguins! 1, 2, 3  |l Česky  |9 663028 
245 1 0 |a Tučňáci! 1, 2, 3  |h videozáznam  |c [réžia] Ron Smith 
260 |a [Bratislava  |b Intersonic  |c 2010 
300 |a 1 videodisk (DVD) (88 min.)  |b zvuk DD 2.0, fareb., PAL 16:9  |c 12 cm 
490 1 |a Svět pohádek  |v 7 
500 |a Názov z obalu 
500 |a Vyšlo ako príloha mesačníka DVD HIT 59 č. 101/2010 
546 |a V originálnom angl. znení, obsahuje čes., slov., maď. dabing + trailery 
650 0 7 |a animované filmy  |2 SNKPH  |9 3171 
650 0 7 |a filmové rozprávky  |2 SNKPH  |9 73150 
655 7 |a DVD  |2 SNKPH  |9 70751 
700 1 |a Smith, Ron  |4 drt  |9 409314 
830 0 |a Svět pohádek  |9 284202 
999 |c 1024458  |d 1026388 
952 |a SNK  |b SNK  |y PREZ  |7 0  |p 17A0674327  |o snkSDVD 513/7  |i snk2010/21205  |8 0  |0 0  |1 0  |4 0  |d 2010-10-04  |l 0  |r 2026-02-24 13:34:52  |w 2026-02-24 
952 |a SNK  |b SNK  |y PREZ  |7 0  |p 17A0674326  |o snkSDVD 513/7 D1  |i snk2010/21206  |8 0  |0 0  |1 0  |4 0  |d 2010-10-04  |l 0  |r 2026-02-24 13:34:52  |w 2026-02-24